Quizzes
Events
Quiz Creation
Community
Videos
Private Events
Remove Ads
Sign In
Join for FREE
Feedback
Dark Mode
Quiz Categories
Sports
Geography
Music
Movies
Television
Just For Fun
Miscellaneous
History
Literature
Language
Science
Gaming
Entertainment
Religion
Holiday
For Kids
Quiz Lab
Recent
Popular Today
Quiz Kudos Today
Editor Picks
Curator Picks
Quizzes by...
Day
Popularity
Type
Ratings
Length
Year
Community
Subscriptions
Recent Discussions
Orange Saloon
Badges
Playlists
Quests
Create
Leaderboards
Showdown
Live 5
Trivia Bingo
Activity
Puzzle Library
Sporcle Events
Private Events
Virtual Trivia
Globe League
Become a Host
Pub Owners
SporcleCon
Opinionation
Our Games
Videos
Blog
Mobile Apps
Partnerships
Remove Ads and Go Orange
Feedback
Geography
Country
Landmarks
City
State
Population
World
Capital
Continent
Flags
Europe
Africa
Asia
South America
North America
Oceania
Border
Canada
United Kingdom
Topography
United States
Geography
Country
Landmarks
City
State
Population
World
Capital
Continent
Flags
Europe
Africa
Asia
South America
North America
Oceania
Border
Canada
United Kingdom
Topography
United States
Random Quiz
Search Sporcle
×
Quiz Lab
Quiz Lab
Geography
Flags
Type in answers that appear in a list
Type in answers that appear in a list
Classic
Best Score? Go Orange.
Countries that resemble Guam Stats
Can you name the countries that resemble Guam in the following ways?
By
Zenithim
7m
29 Questions
144 Plays
144 Plays
144 Plays
Comments
Comments
Give Quiz Kudos
Give Quiz Kudos
-
- Ratings
hide this ad
Replay
Link that replays current quiz
Next Quiz
Link to next quiz in quiz playlist
You Got
0%
They Got
Avg Score
67%
Avg Friend Score
Upgrade to see
Score Distribution
Jump to the score distribution portion of the page
Score
0/29
Timer
07:00
0
Plays Today
Hint
Answer
% Correct
Begin with Gu
Guatemala
91.7%
Include 'GUA' in their names
Guatemala
91.7%
Begin with Gu
Guinea
86.8%
Begin with Gu
Guyana
86.1%
Smaller than 600km2 and in Oceania
Palau
85.4%
Border the Philippine Sea
Palau
85.4%
Begin with Gu
Guinea-Bissau
82.6%
Smaller than 600km2 and in Oceania
Nauru
79.9%
Have a tree on their flags
Lebanon
79.9%
Smaller than 600km2 and in Oceania
Marshall Islands
78.5%
Border the Philippine Sea
Indonesia
77.8%
Smaller than 600km2 and in Oceania
Tuvalu
77.1%
Border the Philippine Sea
Philippines
77.1%
Border the Philippine Sea
Micronesia
76.4%
Have a capital beginning with H
Solomon Islands (Honiara)
72.9%
Hint
Answer
% Correct
Border the Philippine Sea
Taiwan
72.2%
Include 'GUA' in their names
Nicaragua
68.1%
Have a capital beginning with H
Vietnam (Hanoi)
67.4%
Border the Philippine Sea
Japan
64.6%
Have a tree on their flags
Fiji
62.5%
Have a capital beginning with H
Finland (Helsinki)
59%
Have a capital beginning with H
Zimbabwe (Harare)
56.3%
Include 'GUA' in their names
Antigua and Barbuda
52.8%
Include 'GUA' in their names
Paraguay
50%
Include 'GUA' in their names
Uruguay
50%
Have a capital beginning with H
Cuba (Havana)
44.4%
Have a tree on their flags
Haiti
31.3%
Have a tree on their flags
Belize
29.2%
Have a tree on their flags
Equatorial Guinea
25%
Quiz Playlist
Details
Report
Send in Message
Add To Playlist
Classic:
Type in answers that appear in a list
Last Updated: Feb 16, 2017
Quiz Scoreboard
CHALLENGE
Sign Up to Join the Scoreboard
Show All
Scores
Hide
Comments
May contain spoilers
Recently Published
Street Fighter Characters
by Artimus82
Gaming
60s
9x9 Crossword: Cartoon Network
by jackfrog10
Miscellaneous
3m
College Basketball Coaching Resumes
by pancakes188
Sports
9m
More to Explore
Quiz From the Vault
Featured Blog Post
Where Did the Easter Bunny Come From?
hide this ad
You Might Also Like...
Tags
Capital Quiz
Country Quiz
Flags Quiz
Oceania Quiz
island
Letter G
Letter H
sea
Today's Top Quizzes in Geography
Browse Geography
hide this ad
Today's Top Quizzes in Flags
Browse Flags
Top Contributed Quizzes in Geography
1
Countries of the World - No Outlines Minefield
2
Top 25 Cities of France on a map
3
Any capital of a 'B' country per Continent
4
Any capital of a 'C' country per Continent
5
Closest Countries to UK A-Z
6
Any capital of a 'D' country per Continent
7
5-to-1: US Geography No Hints
8
Any capital of an 'E' country per Continent
9
Find the US States - No Outlines
10
Any capital of an 'F' country per Continent
Explore More
Trending Topics
Anime
Marvel
Disney
Harry Potter
NBA
Kpop
Crossword
The Office
Song
NFL
WWE
Soccer
Pokémon
Puzzle
Country
hide this ad
More By:
Zenithim
Quiz
Plays
Rating
Category
Featured
Created
Quick Pick: Monotheistic Religions
5,153
4.59
Just For Fun
Dec 10, 2016
League of Legends 'A' Champions
2,375
4.40
Gaming
Dec 6, 2016
Roman Numeral Singers
2,283
4.62
Music
Dec 4, 2016
National Geographic Bee I
1,980
4.83
Geography
Dec 24, 2016
Holidays in Hinduism
1,764
4.56
Holiday
Nov 18, 2016
Go to Creator's Profile
Score Distribution
Quiz Creator Spotlight
Zenithim
Follow
Send a Message
Quizzes Created
-
Created Quiz Play Count
-
More By This Creator
Popular Quizzes Today
1
Find the US States - No Outlines Minefield
2
Find the Countries of Europe - No Outlines Minefield
3
The Countries of the World
4
Find the US States
5
Risky Map Clicking: Biggest States A-Z
6
US States
7
Popular People in 1961
8
Movies - When Are They Set?
More Geography Quizzes
All about... Toronto
Curator's Pick
Trending Quizzes
Risky Map Clicking: Least Populous States A-Z
1-10 Letter G Words
Risky Map Clicking: Next State Alphabetically
Adjectives in 80s TV Shows
The Seven Year Switch: Catherine
Recently Updated
Leaping Animals
pecheneg
Reality TV Shows (A-Z)
bhenderson79
Rickey Henderson's Hall of Fame Teammates
pecheneg
Champions League XIs: Arsenal
pecheneg
Quick Pick: Celebrities in WWE's Hall of Fame
aduchscher
A-Z Keypad Blitz II
pecheneg
Multiple Oscar Actors
pecheneg
Mystery Phrase Blitz: Oscar 'Best Actors'
pecheneg
F. Scott Fitzgerald Novels
LTH
Pick 3 Villains
ddd62291
Trending Topics
NBA
Harry Potter
Disney
Anime
Crossword
Kpop
Marvel
Puzzle
The Office
Song
Pokémon
Soccer
NFL
Country
WWE
Your Account Isn't Verified!
In order to create a playlist on Sporcle, you need to verify the email address you used during registration. Go to your
Sporcle Settings
to finish the process.
Report this User
Report this user for behavior that violates our
Community Guidelines
.
Details:
Send Report
Go to the Sporcle.com Mobile Site →
Comments